000 00663nam a22002417a 4500
005 20170124110004.0
010 _aA-465663
020 _c125.00
035 _aA-465663
037 _bCen Lib/Ret
040 _aDPL
_bEN
082 _a379.54
_bRAI
100 _aRai, Narsingh
_916532
245 _aCentre-state relations in the field of education in India /
_cby Narsingh Rai
260 _a Delhi
_bAtma ram &sons
_c1990
270 _b Delhi
300 _axii,158p.
_c20cm(Hb)
500 _aIncludes index
650 _aEducation
_91169
650 _aEducation relations
_916533
700 _916507
942 _2ddc
_cEN
_h379.54
_mRAI
999 _c126086
_d126086